Quality Assurance in Higher Education: the UK experience since 1992 (Record no. 3824)
[ view plain ]
| 000 -LEADER | |
|---|---|
| fixed length control field | 00589nam a22002057a 4500 |
| 003 - CONTROL NUMBER IDENTIFIER | |
| control field | OSt |
| 005 - DATE AND TIME OF LATEST TRANSACTION | |
| control field | 20160428141555.0 |
| 008 - FIXED-LENGTH DATA ELEMENTS--GENERAL INFORMATION | |
| fixed length control field | 160428b xxu||||| |||| 00| 0 eng d |
| 020 ## - INTERNATIONAL STANDARD BOOK NUMBER | |
| International Standard Book Number | 9780415511346 |
| 040 ## - CATALOGING SOURCE | |
| Transcribing agency | DDC |
| 082 ## - DEWEY DECIMAL CLASSIFICATION NUMBER | |
| Classification number | 658.4 BRO 2004 |
| 100 ## - MAIN ENTRY--PERSONAL NAME | |
| Personal name | Brown, Roger |
| 9 (RLIN) | 8391 |
| 245 ## - TITLE STATEMENT | |
| Title | Quality Assurance in Higher Education: the UK experience since 1992 |
| 260 ## - PUBLICATION, DISTRIBUTION, ETC. (IMPRINT) | |
| Place of publication, distribution, etc. | London; Routledge, 2004 |
| 300 ## - PHYSICAL DESCRIPTION | |
| Extent | xvi,201p; ill: 24cm |
| 504 ## - BIBLIOGRAPHY, ETC. NOTE | |
| Bibliography, etc | Appendix, references, & index included |
| 650 ## - SUBJECT ADDED ENTRY--TOPICAL TERM | |
| Topical term or geographic name as entry element | Quality management |
| 9 (RLIN) | 8392 |
| 650 ## - SUBJECT ADDED ENTRY--TOPICAL TERM | |
| Topical term or geographic name as entry element | Higher education |
| 9 (RLIN) | 6386 |
| 942 ## - ADDED ENTRY ELEMENTS (KOHA) | |
| Source of classification or shelving scheme | Other/Generic Classification Scheme |
| Koha item type | Open Shelf |
| Withdrawn status | Lost status | Source of classification or shelving scheme | Damaged status | Not for loan | Home library | Current library | Date acquired | Source of acquisition | Inventory number | Total Checkouts | Full call number | Barcode | Date last seen | Koha item type |
|---|---|---|---|---|---|---|---|---|---|---|---|---|---|---|
| Dewey Decimal Classification | MUST Main Library | MUST Main Library | 28/04/2016 | 15/39587 | 658.4 BRO 2004 | 2016-1500 | 28/04/2016 | Open Shelf |
